USA Fighter Plane Nicknames Quiz Stats

 Plays Quiz not verified by Sporcle

Challenge
Share
Tweet
Embed
Score 0/19 Timer 07:00
0 Plays Today
Designation Name % Correct
F/A-18Hornet
88.8%
F-15Eagle
86.6%
F-22Raptor
85.5%
F-14Tomcat
83.9%
F-16Fighting Falcon
83.4%
F-4Phantom II
70%
F-11Tiger
40.9%
F-35Lightning II
37.8%
F-8Crusader
24.4%
F-20Tigershark
22.4%
Designation Name % Correct
F-5Freedom Fighter/Tiger II
19.9%
F-21Kfir
14.1%
F-9Cougar
11.9%
F-2Banshee
11%
F-3Demon
9.8%
F-1FJ Fury
9.4%
F-6Skyray
7.8%
F-10Skyknight
6.7%
F-7Sea Dart
6.3%

You're not logged in!

Compare scores with friends on all Sporcle quizzes.
OR
Log In

You Might Also Like...

Show Comments

Extras

Top Quizzes Today


Score Distribution

Your Account Isn't Verified!

In order to create a playlist on Sporcle, you need to verify the email address you used during registration. Go to your Sporcle Settings to finish the process.

Report this User

Report this user for behavior that violates our Community Guidelines.

Details: